000 00580nam a2200181 i 4500
001 45673
003 ES-MaACL
005 20230906161246.0
007 t|
008 030326s1972 sp ||||1| cat d
100 1 _aColom y Ferrá, Guillermo.
_939800
245 1 0 _aEntre el caliu i la cendra memories
_b: (1890-1970) /
_cGuillermo Colom y Ferra ; proleg de Joan Oller i Rabassa.
250 _a[1ª ed.].
260 _aBarcelona :
_bPáortic,
_c[1972]
300 _a426 p., 4 lám. ;
_c20 cm.
700 1 _aOller i Rabassa, Joan.
_986916
852 _aES-MaACL
_jC-49295
_bR.84076
999 _c45673
_d45673